Zaměstnanci ocení, když jim firma umožní řešit osobní problémy

Stále rastúci tlak na výkonnosť zamestnancov sa odráža v osobnom živote ľudí a prehlbuje problémy, ktoré zamestnanci riešia v rodine, v partnerských vzťahoch, pri výchove detí alebo v medziľudských vzťahoch na pracovisku. Rozumní zamestnávatelia, ktorí chcú pomôcť zamestnancom, aby si zachovali kval...

Ausführliche Beschreibung

Gespeichert in:
Bibliographische Detailangaben
1. Verfasser: Kazdová, Alena
Format: Buchkapitel
Sprache:Tschechisch
Schlagworte:
Tags: Tag hinzufügen
Keine Tags, Fügen Sie das erste Tag hinzu!

MARC

LEADER 00000naa$a2200000$$$4500
001 0116732
005 20231019115240.0
041 0 |a cze 
044 |a CZ 
245 1 0 |a Zaměstnanci ocení, když jim firma umožní řešit osobní problémy  |c Alena Kazdová 
520 |a Stále rastúci tlak na výkonnosť zamestnancov sa odráža v osobnom živote ľudí a prehlbuje problémy, ktoré zamestnanci riešia v rodine, v partnerských vzťahoch, pri výchove detí alebo v medziľudských vzťahoch na pracovisku. Rozumní zamestnávatelia, ktorí chcú pomôcť zamestnancom, aby si zachovali kvalitu života, dobrú psychickú kondíciu, zdravie a výkonnosť, ponúkajú svojim ľuďom konzultačnú službu Employee Assistance. 
610 2 0 |a zamestnávatelia 
610 2 0 |a zamestnanci 
610 2 0 |a psychológia práce 
610 2 0 |a psychológia 
100 1 |a Kazdová, Alena